Statistics for Countries With the Highest Obesity Rates

Click here to take the quiz!

General Stats

  • This quiz has been taken 33 times
  • The average score is 8 of 15

Answer Stats

HintAnswer% Correct
38.2%USA
93%
61%Nauru
76%
47.3%Samoa
69%
51.6%Tuvalu
69%
48.2%Tonga
66%
46%Kiribati
62%
55.3%Palau
62%
52.9%Marshall Islands
55%
45.8%Micronesia
48%
35.1%Qatar
48%
35.4%Saudi Arabia
48%
37.9%Kuwait
45%
32.1%Turkey
38%
35.5%Jordan
31%
32.5%Libya
17%

Score Distribution

Percentile by Number Answered

Percent of People with Each Score

Your Score History

You have not taken this quiz